Statistiken für Thalys-Halte Dortmund-Paris

Klicken Sie hier um das Quiz zu spielen!

Allgemein

  • Dieses Quiz wurde 75 mal gespielt
  • Das Durchschnittsergebnis liegt bei 9 aus 10

Antwortstatistiken

Antwort% Korrekt
Köln
100%
Düsseldorf
97%
Paris Nord
96%
Dortmund
94%
Aachen
91%
Duisburg
91%
Essen
91%
Bruxelles Midi
81%
Liège-Guillemins
72%
Düsseldorf Flughafen
65%

Verteilung der Resultate

Perzentil nach korrekt beantworteten Fragen

Anzahl Personen mit jedem Resultat

Ihre Resultats-Entwicklung

Sie haben dieses Quiz noch nicht gespielt